| 000 | 00563nam a2200193Ia 4500 | ||
|---|---|---|---|
| 005 | 20230117114432.0 | ||
| 008 | 210716s2018 xx 000 0 und d | ||
| 020 | _a9789332539242 | ||
| 040 | _cAIMIT LIBRARY | ||
| 041 | _aeng | ||
| 082 |
_a005.132 _21 _bLANJ |
||
| 100 |
_aLander, Jared P. _969202 |
||
| 245 |
_aR for everyone : _badvanced analytics and graphics / _cBy Jared P. Lander. |
||
| 250 | _a1st ed. | ||
| 260 |
_aChennai : _bPearson , _c2018. |
||
| 300 |
_axxi,432p. _bPB _c23.3 cm |
||
| 650 |
_aR Book _969203 |
||
| 942 |
_2ddc _cBK _e1st _k005.132 LANJ |
||
| 999 |
_c196457 _d196457 |
||